000 01417nam a2200349 c 4500
003 BLK
005 20180420220136.0
008 180413b bul|||||r ||||||| ||bul||
010 _aKNG00029817000
020 _a954-426-213-Х
_bиздат.: Анубис
040 _aBLK
041 _aBUL
_cBUL
080 _aЛитература
_b82
_x-4.01(07)
_z82-4.01(07)
080 _aБългарска литература
_b821.163.2
_x-4.09(07)
_z821.163.2-4.09(07)
080 _aБългарска литература
_b821.163.2
_x-4(082)(07)
_z821.163.2-4(082)(07)
100 1 _aМатеева, Невена Димитрова
_eпърви автор
_9249253
139 _aМатеева, Невена Димитрова
_bМ 39
245 1 0 _aДа се учим да пишем есе
_bУч. пособие за ученици
_cНевена Димитрова Матеева.
257 _aBGR
260 София
_bАнубис
_c1999
_fСофия : Д. Благоев
300 _a103 с.
_bс табл., сх.
_c21 см
380 _a82
500 _aОфс. изд. - 3 000 тир. - Библиогр. с. 102.
650 4 _aЕсе - методика на писане
_9269182
653 _aесета
653 _aметодики
852 _aЦб 202533
856 4 _qpdf
_u
856 4 _qpdf
_u
942 _cKNG
_n0
944 _aCR
_c15.01.2003
_lф /
_kЛюдмила_Стоянова
944 _aED
_c22.11.2011
_lф /
_k
999 _c27241
_d27241